| 000 | 00385nam a2200109Ia 4500 | ||
|---|---|---|---|
| 008 | 171204s9999 xx 000 0 und d | ||
| 245 | 4 | _aThe Wiley Handbook of Developmental Psychology in Practice: Implementation and Impact | |
| 245 | _cH. Rudolph Schaffer and Kevin Durkin | ||
| 260 | _c2016 | ||
| 650 | _xEDUCATIONAL PSYCHOLOGY | ||
| 856 | _uhttp://down.ebook777.com/051/1405163364.pdf | ||
| 999 |
_c346426 _d346426 |
||